01953nam a22002537a 4500003000900000005001700009007000300026008003000029020001800059040002500077041000800102082002300110100004900133245026800182260004500450300003900495500007100534504003200605505080900637650005801446700006401504700006701568700006401635DO-SdBNP20250521125404.0ta210304b 2020 dr a00| 0 eng d a9789945618136 aDO-SdBNPbspacBNPHU hspa 4a363.61 bR696a2221 aRodríguez Sánchez, Marco Octavio,d1938-10aApuntes para la historia del abastecimiento de agua potable y alcantarillado en la República Dominicana /cMarco Octavio Rodríguez Sánchez ; coordinación de la edición: Mercedes García Marín, Gregorio Morillo Rodríguez y Xiomara P. Peralta Aquino. aSanto Domingo :bAmigo del Hogar,c2020. a503 p. : bil., retrs. ; c27 cm.  aIncluye datos biográficos del autor en la solapa de la cubierta. aBibliografía : p. 499-5030 aEl autor, visto por el mismo, 13.-- Reconocimientos, 17.-- Prefacio, 21.-- I. Apuntes para la historia del abastecimiento de agua potable y alcantarillado en la República Dominicana, 25.-- II. Desde el descubrimiento hasta la primera mitad del siglo XVI, 29.-- III. Siglos XVI (segunda mitad), XVII, XVIII, XIX, 63.-- IV. Siglo XX: 1900-1944, 83.-- V. Siglo XX: 1945-1953, 165.-- VI. Siglo XX: 1954-1960, 193.-- VII. Siglo XX: 1961-1966, 213.-- VIII. Siglo XX: 1967-1978, 247.-- IX. Siglo XX: 1979-1986, 307.-- X. Siglo XX: 1987-1996, 357.-- XI. Siglo XX: 1997-2000, 401.-- XII. Siglo XXI: 2001-2004, 421.-- XIII. Situación actual: evaluación de cobertura de los servicios de APS, 441.-- XIV. Diagnóstico sectorial, 447.-- XV. Antecedentes de la reforma del sector APS y eventos principales, 463. 0aAbastecimiento de agua zRepública Dominicana2LEMB1 aGarcía Marín, Mercedes,ecoordinación de la edición1 aMorillo Rodríguez, Gregorio,ecoordinación de la edición1 aPeralta Aquino, Xiomara P.,ecoordinación de la edición